| 000 | 00579nam a2200205Ia 4500 | ||
|---|---|---|---|
| 005 | 20250326144152.0 | ||
| 008 | 250326s9999 xx 000 0 und d | ||
| 020 | _a0 19 567232 1 | ||
| 037 | _aTextbook | ||
| 040 |
_aFMSL _beng _cFMSL |
||
| 041 |
_aeng _2eng |
||
| 084 |
_aX:8D:(Y:434) P2 _qFMSL |
||
| 100 |
_aRao MG _9749171 |
||
| 245 | 0 |
_aPoverty and fiscal policy: decentralization of institutions _cRao MG |
|
| 260 |
_aNY _bNY, Oxford University _c2004 |
||
| 300 | _a358p | ||
| 365 | _b295 | ||
| 942 |
_cTB _hX:8D:(Y:434) P2 |
||
| 999 |
_c1302642 _d1302642 |
||